Progressive Geography Test #3 - Statistics

General Stats
  • This quiz has been taken 2,149 times
    2,104 since last reset
  • The average score is 9 of 20
Answer Stats
Question Answer % Correct
What is the capital of the United Kingdom? London
100%
And in which country would you find that city (don't overthink it)? Mexico
100%
What is the most populated city in North America? Mexico City
100%
Name one of the great lakes of North America. Superior | Michigan | Huron | Ontario | Erie
97%
And what river connects those lakes to the Atlantic? Saint Lawrence River
64%
How many countries are in Asia? 48
60%
What does D.C. stand for in Washington D.C.? District of Columbia
56%
What is the capital of North Korea? Pyongyang
56%
In which ocean is the Tasman Sea located? Pacific Ocean
54%
In which country would you find the Kremlin? Russia
47%
In which country would you find the city of Medina? Saudi Arabia
41%
Which explorer was that Sea named after? Abel Tasman
32%
And what was his nationality? Dutch
32%
What country has the highest average precipitation? Colombia
22%
What is the alternative name of Mount McKinley? Denali
21%
Which city has the largest container port in the world? Shanghai
18%
What is the demonym of Madagascar? Malagasy
15%
What is the flattest U.S. state? Florida
12%
What is the earliest known walled city? Jericho
9%
According to Hindu legend, what is the oldest city in India? Varanasi
6%
No matching quizzes found
Score Distribution
Percent of People with Each Score
Percentile by Number Answered
Your Score History
You have not taken this quiz since the last reset